000 00488nam a2200169 4500
001 125720
003 ES-MaACL
005 20230906192704.0
007 t|
008 070214s1999 sp r ||||1| spa d
100 1 _aRatti-Kámeke, Richard.
_995537
245 1 0 _aEjercicios graduados de terminología química alemana /
_cRichard Ratti-Kámeke.
250 _a2ª. ed.
260 _aBarcelona :
_bBiblioteca Ratti,
_c1943.
300 _a151 p. ;
_c22 cm.
852 _aES-MaACL
_jB-10629
999 _c125720
_d125720